Modelovanie súčiastok v 3D a tvorba NC programov : Diplomová práca

Salvato in:
Dettagli Bibliografici
Autore principale: Havlík, Peter (Autore)
Altri autori: Pecháček, František, 1950- (xxx)
Natura: Manoscritto Libro
Lingua:slovacco
Pubblicazione: Trnava : STU v Bratislave MtF KTZS, 2002
Soggetti:
Tags: Aggiungi Tag
Nessun Tag, puoi essere il primo ad aggiungerne!!

MARC

LEADER 00000ntm a22000003a 4500
001 stu76822
005 20160719155026.7
008 020725s2002----xo------------------slo-d
040 |a STU  |b slo 
041 0 |a slo 
044 |a xo 
100 1 |a Havlík, Peter  |4 aut 
245 1 |a Modelovanie súčiastok v 3D a tvorba NC programov :  |b Diplomová práca 
260 |a Trnava :  |b STU v Bratislave MtF KTZS,  |c 2002 
300 |a 71 s  |c abstr. + CD 
650 7 |a modelovanie súčiastok  |2 stusub 
650 7 |a NC programy  |2 stusub 
650 7 |a technologické systémy  |2 stusub 
700 1 |a Pecháček, František,  |d 1950-  |4 xxx  |u M2000  |U MTF Materiálovotechnologická fakulta  |T MTF Ústav výrobných systémov a aplikovanej mechaniky  |X 218  |U M2000  |Y 82  |7 A000000218